000 00244nam a2200097Ia 4500
001 775379
005 20250826165828.0
008 250824s9999 xx 000 0 und d
245 0 _aMASAL MASAL İÇİNDE
_cAHMET ÜMİT
260 _bEVEREST YAYINLARI
999 _c775379
_d775379